000
00362nam a2200157Ia 4500
008
210716s2009 xx 000 0 und d
020
_a
9788130910765
041
_a
eng
082
_a
657.2 ACCO
100
_a
BPP learning media
245
_a
Accounts.
250
_a
1
260
_a
New Delhi
_b
Viva Books
_c
2009
300
_a
254
650
_a
Accounting(657)
999
_c
205358
_d
205358